000 00530nam a2200181Ia 4500
008 090123s9999 xx 000 0 und d
082 _b22148
_a891.463/साठे
100 _aसाठे माया
245 _aमालकीण
250 _a1
260 _bबांदोडकर पब्लिशिंग हाऊस
_c1993
300 _a178
600 _aसाठे माया
630 _aमालकीण
700 _aसाठे माया
730 _aमालकीण
942 _cBOOK
999 _c60220
_d60220